000 00474nam a2200181Ia 4500
008 240925s9999 xx 000 0 und d
020 _a9789332579439
082 _a339 MIS
100 _aMishkin, Frederic S.
245 0 _aMacroeconomics: policy and practice
250 _a2nd
260 _aNew Delhi:
_bPearson Education
_c,2017.
300 _a248p.
_b0
_fOriginal
500 _aIncludes Index
600 _aSocial Sciences
650 _aSocial Sciences
942 _cBK
999 _c15938
_d15938